Los principios rectores en materia de acceso a la información /
En el presente artículo se expone una propuesta de principios rectores para los Estados centroamericanos, referente al acceso a los diferentes tipos de información pública; además de un análisis de esos principios, destacando su importancia.
Gespeichert in:
| 1. Verfasser: | |
|---|---|
| Format: | Text |
| Schlagworte: | |
| Tags: |
Tag hinzufügen
Keine Tags, Fügen Sie den ersten Tag hinzu!
|
MARC
| LEADER | 00000 a a2200000 04500 | ||
|---|---|---|---|
| 001 | 41309 | ||
| 003 | |||
| 040 | |||
| 100 | |a Chirino Sánchez, Alfredo | ||
| 245 | |a Los principios rectores en materia de acceso a la información / |c Alfredo Chirino Sánchez | ||
| 520 | |a En el presente artículo se expone una propuesta de principios rectores para los Estados centroamericanos, referente al acceso a los diferentes tipos de información pública; además de un análisis de esos principios, destacando su importancia. | ||
| 590 | |a SJB/AGOSTO2011 | ||
| 650 | |a 1.ACCESO A LA INFORMACION | ||
| 650 | |a 2.LIBERTAD DE INFORMACION | ||
| 650 | |a 3.ASPECTOS JURIDICOS | ||
| 650 | |a 4.DERECHOS HUMANOS | ||
| 650 | |a 5.INFORMACION | ||
| 650 | |a 6.CENTROAMERICA | ||
| 773 | |g número12 ( , 2006) | ||
| 999 | |c 31441 |d 31441 | ||
